Stili di archittetura : e dizzionario dei termini usuali /

Guardado en:
Detalles Bibliográficos
Autor principal: Brayda, Carlo (autor)
Formato: Libro
Idioma:Italiano
Publicado: Turín, Italia : Chiantore, 1947
Temas:
Etiquetas: Agrega una etiqueta
Sin etiquetas, Sé el primero en etiquetar este registro!

MARC

LEADER 00000nam^a2200000^a^4500
001 000188841
005 20250521000000.0
009 20260310102353.833
037 |a Acervo ITESO - Biblioteca 
041 |a ITA 
082 |a 720. 9  |b BRA 
100 |a Brayda, Carlo  |e (autor) 
245 1 0 |a Stili di archittetura :  |b e dizzionario dei termini usuali /  |c C. Brayda. 
264 4 |a Turín, Italia :  |b Chiantore,  |c 1947 
300 |a X, 314 p. 
336 |a texto  |b txt  |2 rdacontenido 
337 |a sin mediación  |b n  |2 rdamedio 
338 |a volumen  |b nc  |2 rdasoporte 
562 |a Falta cubierta 
649 |a XX 
650 |a Arquitectura -  |x Historia y Crítica -  |x Tema Principal 
650 |a Arquitectura -  |x Enciclopedias y Diccionarios 
650 |a Corrientes y Estilos Artísticos -  |x Tema Principal 
650 |a Arte -  |x Historia y Crítica 
650 |a Arte -  |x Enciclopedias y Diccionarios 
910 |a Fondo Julio de la Peña Lomelín 
920 |a Impresos - Libros 
930 |a Arquitectos Jaliscienses 
905 |a 115 
901 |a 0500131584  |b IT1  |c JAL  |u 20250521 
902 |a https://opac.biblio.iteso.mx/vufind/Record/000188841